00326 a2200097 4500001001000000005001700010008004100027245008200068100001800150773006000168ART_3771820260410161942.0260409a 10aLa franquicia en el nuevo Código Civil y Comercial y el derecho del trabajo1 aDuarte, David0 tTemas de derecho laboralg- Nº 3 (mar. 2016)wREV27619